000
00280nam a2200121Ia 4500
008
190216s9999||||xx |||||||||||||| ||und||
100
_a
Kunhiraman Nair
245
0
_a
Thamarathen
260
_b
University Of Calicut
_c
1996
300
_a
108p
650
_a
Kavithakal
942
_c
BK
999
_c
27284
_d
27284